Central Library OPAC University of Rajshahi

Lubricating and allied oils / (Record no. 17386)

MARC details
000 -LEADER
fixed length control field 00818cam a22002651 4500
001 - CONTROL NUMBER
control field 17386
003 - CONTROL NUMBER IDENTIFIER
rucl marc code BD-RjUL
005 - DATE AND TIME OF LATEST TRANSACTION
control field 20211209000130.0
008 - FIXED-LENGTH DATA ELEMENTS--GENERAL INFORMATION
fixed length control field 140216s1948 enkaf 001 0 eng
035 ## - SYSTEM CONTROL NUMBER
System control number (BD-RjUL)17444
System control number (OCoLC)3945363
040 ## - CATALOGING SOURCE
Original cataloging agency DLC
Transcribing agency NcRS
Modifying agency NcRS
-- DLC
Language of cataloging eng
041 ## - LANGUAGE CODE
Language code of text/sound track or separate title eng
082 ## - DEWEY DECIMAL CLASSIFICATION NUMBER
Classification number 621.89
Author mark and year EVL 1948
100 1# - MAIN ENTRY--PERSONAL NAME
Personal name Evans, Elliott A.
Fuller form of name (Elliott Alfred)
9 (RLIN) 53578
245 10 - TITLE STATEMENT
Title Lubricating and allied oils /
Statement of responsibility, etc. by Elliott A. Evans. Foreword by the late Viscount Wakefield of Hythe.
250 ## - EDITION STATEMENT
Edition statement 3d ed., rev.
260 ## - PUBLICATION, DISTRIBUTION, ETC. (IMPRINT)
Place of publication, distribution, etc. London :
Name of publisher, distributor, etc. Chapman & Hall,
Date of publication, distribution, etc. 1948.
300 ## - PHYSICAL DESCRIPTION
Pagination ix, 210 p. :
Illustrations illus., plates.;
Size 22 cm.
500 ## - GENERAL NOTE
General note "First published, 1921."
650 #0 - SUBJECT ADDED ENTRY--TOPICAL TERM
Topical term or geographic name as entry element Lubrication and lubricants.
9 (RLIN) 53579
942 ## - ADDED ENTRY ELEMENTS (KOHA)
Source of classification or shelving scheme Dewey Decimal Classification
Koha item type Books
Holdings
Lost status Source of classification or shelving scheme Damaged status Not for loan Collection code Permanent Location Current Location Shelving location Date acquired Source of acquisition Cost, normal purchase price Total Checkouts Full call number Date last seen Copy number Koha item type
  Dewey Decimal Classification   Not For Loan Non-fiction Central Library, University of Rajshahi Central Library, University of Rajshahi Reading Room 17/10/1957 Publishers United Ltd. 14.10   621.89 EVL 1948 16/02/2014 C-1 Books